000 00725nam a2200205Ii 4500
003 JO-AjNU
008 230605s9999||||xx |||||||||||||| ||und||
020 _a1995/9/961
040 _aJO-AjNU
_bara
_erda
_cJO-AjNU
041 _aara
050 1 4 _aQK99.K45 1995
100 3 _aمقبول ، مقبول احمد... واخرون ,
_eauthor
_938844
245 0 0 _aكيمياء النباتات الطبية
264 3 1 _aعمان:المركز العربي للخدمات الطلابيه ، 1995
300 _a316ص
336 _atext
_btxt
_2rdacontent
337 _aunmediated
_bn
_2rdamedia
338 _avolume
_bnc
_2rdacarrier
650 4 _aالنباتات الطبيه - الكيمياء-زيوت نباتية
_938845
999 _aA16354
_c19922
_d19922